Modern control theory / (Record no. 11384)

MARC details
000 -LEADER
fixed length control field 00775pam a2200265 a 4500
001 - CONTROL NUMBER
control field 2941719
003 - CONTROL NUMBER IDENTIFIER
control field OSt
005 - DATE AND TIME OF LATEST TRANSACTION
control field 20211011113635.0
008 - FIXED-LENGTH DATA ELEMENTS--GENERAL INFORMATION
fixed length control field 900222s1991 njua b 001 0 eng
010 ## - LIBRARY OF CONGRESS CONTROL NUMBER
LC control number 90006977
020 ## - INTERNATIONAL STANDARD BOOK NUMBER
International Standard Book Number 0135897637
040 ## - CATALOGING SOURCE
Transcribing agency HU
050 00 - LIBRARY OF CONGRESS CALL NUMBER
Classification number QA402.3
Item number .B76 1991
082 00 - DEWEY DECIMAL CLASSIFICATION NUMBER
Classification number 629.8/312
Edition number 3
100 1# - MAIN ENTRY--PERSONAL NAME
Personal name Brogan, William L.
9 (RLIN) 12296
245 10 - TITLE STATEMENT
Title Modern control theory /
Statement of responsibility, etc. William L. Brogan.
250 ## - EDITION STATEMENT
Edition statement 3rd ed.
260 ## - PUBLICATION, DISTRIBUTION, ETC.
Place of publication, distribution, etc. Englewood Cliffs, N.J. :
Name of publisher, distributor, etc. Prentice Hall,
Date of publication, distribution, etc. c1991.
300 ## - PHYSICAL DESCRIPTION
Extent xviii, 653 p. :
Other physical details ill. ;
Dimensions 25 cm.
504 ## - BIBLIOGRAPHY, ETC. NOTE
Bibliography, etc. note Includes bibliographical references and index.
650 #0 - SUBJECT ADDED ENTRY--TOPICAL TERM
Topical term or geographic name entry element Control theory.
9 (RLIN) 6
906 ## - LOCAL DATA ELEMENT F, LDF (RLIN)
a 7
b cbc
c orignew
d 1
e ocip
f 19
g y-gencatlg
942 ## - ADDED ENTRY ELEMENTS (KOHA)
Source of classification or shelving scheme Dewey Decimal Classification
Koha item type Books like text book referance book
Suppress in OPAC No
Holdings
Withdrawn status Lost status Source of classification or shelving scheme Damaged status Not for loan Home library Current library Shelving location Date acquired Total Checkouts Full call number Barcode Date last seen Copy number Price effective from Koha item type
    Dewey Decimal Classification     Natural & Computational Science Library Natural & Computational Science Library General Stacks 10/11/2021   629.8312/BRO NSCLIB000017208 10/11/2021 1 10/11/2021 Books like text book referance book